00378 a2200145 4500001000700000003000400007005001700011008004100028020001500069082001400084100002300098245005700121260003800178300001600216133003OSt20220331162308.0  a3540406336 a515bZ77M1 aZorich, Vladimir A1 aMathematical analysis (Vol. 2)cby Vladimir A Zorich aHeidelbergbSpringer-Verlagc2004 av.2 : 681p.